000 00826nam a22002417a 4500
005 20240530110522.0
008 160221s2012 ua a g 000 0 ara d
017 _a2012/13438
_bمصر . دار الكتب المصرية
020 _a9789772328710
040 _aEG-CaGPL
082 0 4 _221
_a370\
_bس ح
100 0 _aسعيد اسماعيل على .
245 1 2 _aالحرب الناعمة فى التعليم /
_cسعيد اسماعيل على .
250 _aط1.
260 _aالقاهرة :
_bعالم الكتب ،
_c2012 .
300 _a303 ص ؛
_c24 سم .
650 0 4 _aالتعليم
_xمقالات و محاضرات .
650 0 4 _aتعليم الكبار .
650 0 4 _aالتعليم
_zمصر .
650 0 4 _aالتعليم .
942 _2ddc
_cBK
999 _c61921
_d61921